<?xml version="1.0" encoding="UTF-8"?>
<record
    xmlns:xsi="http://www.w3.org/2001/XMLSchema-instance"
    xsi:schemaLocation="http://www.loc.gov/MARC21/slim http://www.loc.gov/standards/marcxml/schema/MARC21slim.xsd"
    xmlns="http://www.loc.gov/MARC21/slim">

  <leader>00684nam a2200229Ii 4500</leader>
  <datafield tag="999" ind1=" " ind2=" ">
    <subfield code="c">5455</subfield>
    <subfield code="d">5455</subfield>
  </datafield>
  <controlfield tag="001">5949</controlfield>
  <controlfield tag="003">GBCCL</controlfield>
  <controlfield tag="005">20241126110542.0</controlfield>
  <controlfield tag="008">800123s1974    pau           00010 eng d</controlfield>
  <datafield tag="020" ind1=" " ind2=" ">
    <subfield code="a">0914964011</subfield>
  </datafield>
  <datafield tag="035" ind1=" " ind2=" ">
    <subfield code="a">OCM05906299</subfield>
  </datafield>
  <datafield tag="040" ind1=" " ind2=" ">
    <subfield code="a">ICW</subfield>
    <subfield code="c">ICW</subfield>
    <subfield code="d">m.c.</subfield>
    <subfield code="d">LBB</subfield>
  </datafield>
  <datafield tag="049" ind1=" " ind2=" ">
    <subfield code="a">LBBK </subfield>
  </datafield>
  <datafield tag="082" ind1=" " ind2=" ">
    <subfield code="a">223.706</subfield>
    <subfield code="b">NEI</subfield>
  </datafield>
  <datafield tag="092" ind1=" " ind2=" ">
    <subfield code="b">N397</subfield>
  </datafield>
  <datafield tag="100" ind1="1" ind2="0">
    <subfield code="a">Neighbour, Ralph Webster,</subfield>
    <subfield code="d">1929-</subfield>
    <subfield code="9">6254</subfield>
  </datafield>
  <datafield tag="245" ind1="1" ind2="0">
    <subfield code="a">Health, wealth and happiness :</subfield>
    <subfield code="b">a key to successful living /</subfield>
    <subfield code="c">Ralph W. Neighbour.</subfield>
  </datafield>
  <datafield tag="260" ind1="0" ind2=" ">
    <subfield code="a">Newtown, Penn. :</subfield>
    <subfield code="b">Timothy Books,</subfield>
    <subfield code="c">1974.</subfield>
  </datafield>
  <datafield tag="300" ind1=" " ind2=" ">
    <subfield code="a">vi, 174 p. ;</subfield>
    <subfield code="c">18 cm.</subfield>
  </datafield>
  <datafield tag="630" ind1="0" ind2="0">
    <subfield code="a">Bible.</subfield>
    <subfield code="p">O.T.</subfield>
    <subfield code="p">Proverbs</subfield>
    <subfield code="x">Criticism, interpretation, etc.</subfield>
    <subfield code="9">9804</subfield>
  </datafield>
  <datafield tag="942" ind1=" " ind2=" ">
    <subfield code="2">ddc</subfield>
    <subfield code="c">BK</subfield>
    <subfield code="0">5</subfield>
  </datafield>
  <datafield tag="952" ind1=" " ind2=" ">
    <subfield code="0">0</subfield>
    <subfield code="1">0</subfield>
    <subfield code="2">ddc</subfield>
    <subfield code="4">0</subfield>
    <subfield code="7">0</subfield>
    <subfield code="a">GBC</subfield>
    <subfield code="b">GBC</subfield>
    <subfield code="c">BS</subfield>
    <subfield code="d">2018-03-21</subfield>
    <subfield code="l">5</subfield>
    <subfield code="o">223.706 NEI</subfield>
    <subfield code="p">009490</subfield>
    <subfield code="r">2025-05-01 00:00:00</subfield>
    <subfield code="s">2020-03-09</subfield>
    <subfield code="t">c.1</subfield>
    <subfield code="w">2018-03-21</subfield>
    <subfield code="y">BK</subfield>
  </datafield>
</record>
